|
|
|
|
| LEADER |
01078pam a22002538a 4500 |
| 001 |
00030444 |
| 005 |
20171026081025.0 |
| 008 |
130308s2013 ||||||viesd |
| 020 |
|
|
|c 325000
|
| 041 |
0 |
# |
|a vie
|
| 082 |
1 |
4 |
|a 371.1
|b T310H
|
| 100 |
1 |
# |
|a Quý, Long
|e Sưu tầm và hệ thống hóa
|
| 245 |
1 |
0 |
|c Quý Long, Kim Thư (sưu tầm và hệ thống hóa)
|a Tìm hiểu hướng dẫn đánh giá xếp loại năng lực sư phạm của giáo viên và chính sách đãi ngộ đối với nhà giáo
|
| 260 |
# |
# |
|a Hà Nội
|b Lao động
|c 2013
|
| 300 |
# |
# |
|a 438 tr.
|c 28 cm.
|
| 653 |
# |
# |
|a Chính sách đãi ngộ
|
| 653 |
# |
# |
|a Năng lực sư phạm
|
| 653 |
# |
# |
|a Giáo viên
|
| 700 |
1 |
# |
|a Kim, Thư
|e Sưu tầm và hệ thống hóa
|
| 852 |
# |
# |
|b Kho mượn
|j KM.0014807
|
| 852 |
# |
# |
|j KM.0014807
|j KD.0014446
|j KM.0016341
|j KM.0016342
|
| 852 |
# |
# |
|b Kho đọc
|j KD.0014446
|
| 910 |
|
|
|d 08/03/2013
|
| 980 |
# |
# |
|a Trung tâm Học liệu Lê Vũ Hùng, Trường Đại học Đồng Tháp
|